BUBT Library Online Catalog

রনাঙ্গন: (Record no. 5983)

000 -LEADER
fixed length control field 00558nam a22001577a 4500
003 - CONTROL NUMBER IDENTIFIER
control field BUBTL
008 - FIXED-LENGTH DATA ELEMENTS--GENERAL INFORMATION
fixed length control field 190421b bg0||||| |||| 00| 0 ben 0
020 ## - INTERNATIONAL STANDARD BOOK NUMBER
International Standard Book Number 984700080275
082 ## - DEWEY DECIMAL CLASSIFICATION NUMBER
Classification number 891.444/
Item number চধর
100 ## - MAIN ENTRY--PERSONAL NAME
9 (RLIN) 2283
Personal name গিয়াস উদ্দিন আ: চৌধুরী
245 ## - TITLE STATEMENT
Title রনাঙ্গন:
Remainder of title রাজশাহী-বগুড়া
300 ## - PHYSICAL DESCRIPTION
Extent 140 পৃ:
Other physical details চিত্রিত;
Dimensions 29 সে.মি.
700 ## - ADDED ENTRY--PERSONAL NAME
Numeration গিয়াস উদ্দিন আ: চৌধুরী
856 ## - ELECTRONIC LOCATION AND ACCESS
Password 0
Logon 0
Link text Download
942 ## - ADDED ENTRY ELEMENTS (KOHA)
Source of classification or shelving scheme
Koha item type Books

No items available.

More Information About Library

Library Hours

  • Open: 9.00 am. to 9.00 pm.
  • Only Sunday: 9.00 am. to 6.00 pm.
  • Closed: Holiday

Contact to the University

Bangladesh University of Business and Technology Library

  • Mirpurl-2, 1216.
  • Phone:
  • Fax:
  • E-Mail: admin.library@bubt.edu.bd

Contact to the Library

Contact Person:

Md. Abdul Hakim Shah
Joint Librarian
PABX No:  113
Cell No: 01816332931
E-mail: official: admin.library@bubt.edu.bd
Personal: hakim.shah@bubt.edu.bd


BUBT Library

Copyright © 2021